Sovetskai︠a︡ prokuratura /

Saved in:
Bibliographic Details
Other Authors: Arinin, V. I., Rekunkov, A. M.
Format: Book
Language:Russian
Published: Moskva : "I︠U︡rid. lit-ra", 1982.
Subjects:
Tags: Add Tag
No Tags, Be the first to tag this record!
LEADER 00718nam a2200229 a 4500
001 001079291-0
005 20020606090541.3
008 830727s1982 rura 00000 ruso
010 |a  82216335  
020 |c 3.60rub 
035 0 |a ocm09349755 
035 1 |a MAHL83B3694 
040 |a DLC  |c DLC 
043 |a e-ur--- 
245 0 0 |a Sovetskai︠a︡ prokuratura /  |c [avtorskiĭ kollektiv Arinin V.I. ... et al. ; otvetstvennyĭ redaktor A.M. Rekunkov]. 
260 0 |a Moskva :  |b "I︠U︡rid. lit-ra",  |c 1982. 
300 |a 348 p. :  |b ill. (some col.) ;  |c 24 cm. 
650 0 |a Public prosecutors  |z Soviet Union. 
700 1 |a Arinin, V. I. 
700 1 |a Rekunkov, A. M.  |q (Aleksandr Mikhaĭlovich) 
988 |a 20020608 
906 |0 DLC